L'Orne - Statistiques

Statistiques générales
  • Ce quiz a été pris 50 fois
  • Le résultat moyen est 9 sur 14
Statistiques - réponses
Première Lettre Indice Réponse % Correct
A Préfecture Alencon
98%
O Rappeur né à Alençon Orelsan
89%
C Village ayant donné son nom à un célèbre fromage Camembert
86%
F Avant d'être le nom du département, l'Orne est aussi le nom d'un ... Fleuve
84%
B Station thermale Bagnoles-de-l'Orne
70%
D Cité médiévale à l'ouest du département Domfront
68%
P Région naturelle du sud-est du département, ayant donné son nom à une race de cheval Perche
66%
H Monument historique, surnommé le "Versailles du cheval" Haras du Pin
64%
T Sainte et docteure de l’Église Catholique Thérèse
61%
E Forêt au nord d'Alençon Forêt d'Ecouves
57%
L Homme politique, président du Sénat depuis 2014 Gérard Larcher
50%
G Pseudonyme de Jean Moncorgé, célèbre acteur ayant possédé un domaine dans ce département Jean Gabin
43%
S Évêché du département Séez
16%
M Acteur, créateur des Deschiens Francois Morel
11%
Aucun quiz correspondant
Distribution des résultats
% des personnes avec chaque résultat
Percentile par nombre de réponses
Votre historique - résultats
Vous n’avez pas pris ce quiz